| 000 | 00723nam a2200229 a 4500 | ||
|---|---|---|---|
| 999 |
_c3174 _d3174 |
||
| 001 | 3174 | ||
| 003 | BD-JhCC | ||
| 005 | 20171112172820.0 | ||
| 008 | 171111s1985 bg |||| |||| 000 0 ben d | ||
| 035 | _a(BD-JhCC) | ||
| 040 |
_aBD-JhCC _dBD-JhCC |
||
| 041 | _aben | ||
| 082 |
_a341.1 _bKHA 1985 |
||
| 100 | _aখান, বদরুল আলম | ||
| 245 |
_aশান্তি / _cবদরুল আলম খান |
||
| 260 |
_aঢাকা: _bবাংলা একাডেমী ; _c১৯৮৫ |
||
| 300 |
_a৯৩ পৃ.; _c১৮ সেমি |
||
| 490 | _aSeries in honour of the Martyrs of the Language Movement of February 1952. | ||
| 504 | _aIncludes bibliography | ||
| 650 | _aPeace | ||
| 942 |
_2ddc _cBK |
||